Szczegóły MARC21

Renaissance drama : an anthology of plays and entertainments /

005 -DATA I CZAS OSTATNIEJ MODYFIKACJI [,]
    • @
    • pole kontrolne
    • 20070315155141.9
020 -Międzynarod. znormalizowany nr książki - ISBN [ , ]
    • a
    • Numer ISBN
    • 0631208038 Find
040 -Instytucja sporządzająca opis [ , ]
    • a
    • Instytucja, która sporządziła opis (NP)
    • SZCZ U
    • c
    • Instytucja, która sporządziła rekord (NP)
    • SZCZ U
041 -Język dokumentu [0, ]
    • a
    • Język tekstu (P)
    • angielski
    • h
    • Język tekstu oryginalnego i/lub pośredniego (P)
    • angielski
942 -Rodzaj dokumentu [ , ]
    • c
    • Rodzaj dokumentu
    • Książka
245 -Strefa tytułu i oznaczenia odpowiedzialności [0, ]
    • a
    • Tytuł
    • Renaissance drama : Find
    • b
    • Ciąg dalszy tytułu (NP)
    • an anthology of plays and entertainments / Find
    • c
    • Pozostałe elementy strefy tytułu i oznaczenia odpowiedzialności (NP)
    • ed. by Artur F.Kinney.
250 -Strefa wydania [ , ]
    • a
    • Oznaczenie wydania (NP)
    • [Repr.].
260 -Strefa adresu wydawniczego [ , ]
    • a
    • Miejsce wydania (P)
    • Oxford :
    • b
    • Nazwa wydawcy (P)
    • Blackwell Publ.,
    • c
    • Data wydania (P)
    • 2002.
300 -Strefa opisu fizycznego [ , ]
    • a
    • Określenie formy książki i/lub objętość (NP)
    • 744 s. :
    • b
    • Oznaczenie ilustracji (NP)
    • rys.,nuty :
    • c
    • Format (NP)
    • 25 cm.
490 -Strefa serii i książki wielotomowej - forma nie do wyszukiwania [0, ]
    • a
    • Tytuł (P)
    • (Blackwell Anthologies) Find
080 -Uniwersalna Klasyfikacja Dziesiętna [ , ]
    • a
    • Symbol klasyfikacji
    • 820(091)-2"14/16"=20
080 -Uniwersalna Klasyfikacja Dziesiętna [ , ]
    • a
    • Symbol klasyfikacji
    • +820-2(082.2)=20
980 -Symbol UKD [ , ]
    • a
    • UKD
    • 820(091)-2"14/16"+820-2(082.2)]=20
700 -Hasło dodatkowe - nazwa osobowa [ , ]
    • a
    • Nazwa osobowa (NP)
    • Kinney Arthur F. Find
920 -ISBN [ , ]
    • a
    • ISBN
    • 0-631-20803-8 Find
Data inwentaryzacji Status udost. Lokalizacja Sygnatura Numer inwentarzowy
2002-07-291BMANG. Antologie - lit. ang. 09A.6587